000 01093cab a2200301 4500
001 ABS51440
008 090401t1994 xxu||||| |||| 00| 0 eng d
035 _a(Sirsi) u26924
041 _aeng
100 _aStein, R.
245 _aFailure on a high wire
260 _c1994
350 _a0
490 _aPlanning (for the Natural and Built Environment)
_v2(39) 29 September 1994, 26(1)
520 _aConsiders the impact forthcoming legal action, brought by individuals claiming their health has been affected by overhead power lines, will have on electricity companies and planning policy. A major national study, set up by the UK Co-ordinating Committee for Cancer Research, expects to report results in 1996.
650 _aCANCER
650 _aELECTRICITY
650 _aELECTROMAGNETISM
650 _aHEALTH HAZARDS
650 _aOVERHEAD POWER LINES
650 _aPLANNING ISSUES
650 _aPOWER LINES
690 _aENVIRONMENTAL AND LAND CONSULTANCY-ENERGY
690 _aPLANNING LAW AND PRACTICE
700 _aHumber, S.
942 _n0
948 _c04/03/1997
999 _c18137
_d18137